Statistics for Ultimate Harry Potter Novel Quiz!

Click here to take the quiz!

General Stats

  • This quiz has been taken 8 times
  • The average score is 5 of 10

Answer Stats

QuestionAnswer% Correct
What is JK Rowling's real name?Joanne Rowling
86%
What is the 2nd longest book in the seriesThe Half Blood Prince
86%
What is the third chapter in the first book?The Letters from No one
57%
What is the first chapter of the Chamber of SecretsThe Worst Birthday
57%
How long is the US edition of the Order of the Phoenix?870 pages
29%
How many copies of the Half Blood Prince were sold in the first 24 hours?9 million
29%
When did JK Rowling write the 6th book?After her second wedding?
29%
What is the first chapter of the Deathly Hallows?The Dark Lord Ascending
29%
What was the original intention of JK Rowling for the 4th book title?The Doomspell Tournament
29%
What was JK Rowling's original plan for the first book?To make it a children's book.
29%

Score Distribution

Percentile by Number Answered

Percent of People with Each Score

Your Score History

You have not taken this quiz